00653cam a22001937a 4500003000500000005001700005008004100022010001000063011001000073035001000083040000900093082002300102245016700125250001000292260006000302300001100362650004400373700004200417CHAP20220329142340.0000904d1999 mx r 00110 eng d a82146 a83118 a93627 cCHAP04a327.7207bR42 199910aRecursos :ba directory of U.S. organizations and institutions dedicated to advancing mutual understanding with Mexicoc/comp. and ed. by Cynthia Hawes Lavanderos a2 ed. aMéxico, D. F. :bBiblioteca Benjamin Franklin,c1999. a167 p.14aMéxicoxRelaciones exterioresxE.U.A.0 aHawes Lavanderos, Cynthiaecomp.eed.